01181 a2200253 45000010006000000050017000060080041000230030015000640400040000790800035001192450052001540200022002062500012002282640033002403000026002735050398002990410008006971000025007057000027007307000024007577000020007817000031008018560095008324048320260407155659.0260407a2013 arg spa dAR-UNSa-BCEJYS aAR-UNSa-BCEJYSbspacAR-UNSa-BCEJYS a657.47xContabilidad de Costos10aTeoría y práctica de los sistemas de costos a978-987-03-2438-6 a2a. ed. 1aBuenos Aires :bLa Leyc2013 axxvii, 418 p.c24 cm. a1. Teoría general del costo - 2. Control y costeo de los factores - 3. Modelo de costeo - 4. Sistema de costos en base histórica: costo de los factores - 5. Sistemas de costos en base histórica. Costeo de los resultados productivos - 6. Sistemas de costos en base predeterminada - 7. Costos de funciones: comercial, administrativa y financiera - 8. Implementación de sistemas de costos aspa1 aCascarini, Daniel C.1 aPeralta, Jorge Alberto1 aSardi, Jorge Carlos1 aMangano, Nestor1 aGómez, Gabriela Ángela41uhttps://biblioeco.unsa.edu.ar/pmb/images/libros/L126043.jpgyImagen de portadaqimage/jpeg